000 00510nam a2200181Ia 4500
999 _c21442
_d21442
003 OSt
005 20200617142952.0
008 190216s9999||||xx |||||||||||||| ||und||
020 _a9788173045448
040 _coclc
082 _a954
_bKAR/K
100 _aKarashima, Noboru
_93017
245 0 _aKingship In Indian History /
_cNoboru Karashima
260 _bManohar Publishers,
_c2004.
_aNew Delhi:
300 _a271p
650 _aHistory
942 _cBK
_2ddc
_h954
_iKAR/K
_k954
_mKAR/K